Szczegóły MARC21

Traktat o Unii Europejskiej ; Traktat ustanawiający Wspólnotę Europejską : z komentarzem /

003 -Nazwa inst., której nr kontr. jest w polu 001 [,]
    • @
    • Nazwa instytucji, której n kontrolny jest w polu 001
    • NUKAT
005 -DATA I CZAS OSTATNIEJ MODYFIKACJI [,]
    • @
    • pole kontrolne
    • 20241231092814.0
020 -Międzynarod. znormalizowany nr książki - ISBN [ , ]
    • a
    • Numer ISBN
    • 8373340327 Find
040 -Instytucja sporządzająca opis [ , ]
    • a
    • Instytucja, która sporządziła opis (NP)
    • WR O/DS
    • c
    • Instytucja, która sporządziła rekord (NP)
    • WR O/DS
    • d
    • Instytucja, która zmodyfikowała rekord (P)
    • WR O/LC
    • d
    • Instytucja, która zmodyfikowała rekord (P)
    • WA U/ASO
    • d
    • Instytucja, która zmodyfikowała rekord (P)
    • WR O/DSs
041 -Język dokumentu [1, ]
    • a
    • Język tekstu (P)
    • polski
    • h
    • Język tekstu oryginalnego i/lub pośredniego (P)
    • angielski
    • h
    • Język tekstu oryginalnego i/lub pośredniego (P)
    • francuski
942 -Rodzaj dokumentu [ , ]
    • c
    • Rodzaj dokumentu
    • Książka
245 -Strefa tytułu i oznaczenia odpowiedzialności [0,0]
    • a
    • Tytuł
    • Traktat o Unii Europejskiej ; Find
    • b
    • Ciąg dalszy tytułu (NP)
    • Traktat ustanawiający Wspólnotę Europejską : z komentarzem / Find
    • c
    • Pozostałe elementy strefy tytułu i oznaczenia odpowiedzialności (NP)
    • [oprac.] Zdzisław Brodecki, Monika Drobysz, Sylwia Majkowska ; pod red. nauk. Zdzisława Brodeckiego.
260 -Strefa adresu wydawniczego [ , ]
    • a
    • Miejsce wydania (P)
    • Warszawa :
    • b
    • Nazwa wydawcy (P)
    • LexisNexis,
    • c
    • Data wydania (P)
    • 2002.
300 -Strefa opisu fizycznego [ , ]
    • a
    • Określenie formy książki i/lub objętość (NP)
    • 606 s. ;
    • c
    • Format (NP)
    • 24 cm.
336 -Typ zawartości [ , ]
    • a
    • Termin opisujący typ zawartości
    • Tekst
    • b
    • Kod określający zawartość
    • txt
    • 2
    • Źródło (terminu i kodu)
    • rdacontent
337 -Typ mediów [ , ]
    • a
    • Tryb odtwarzania
    • Bez urządzenia pośredniczącego
    • b
    • Kod typu mediów
    • n
    • 2
    • Źródło (terminu i kodu)
    • rdamedia
338 -Typ/rodzaj nośnika [ , ]
    • a
    • Hasło opisujące typ nośnika
    • Wolumin
    • b
    • Kod typu nośnika
    • nc
    • 2
    • Źródło (terminu i kodu)
    • rdacarrier
504 -Uwaga dot. bibliogr. załącznikowej [ , ]
    • a
    • Uwaga dot. bibliografii załącznikowej
    • Bibliogr. s. 574-[582]. Indeks.
546 -Uwaga dot. języka [ , ]
    • a
    • Uwaga dot. języka
    • Tekst traktatów tł. z ang. i fr.
080 -Uniwersalna Klasyfikacja Dziesiętna [ , ]
    • a
    • Symbol klasyfikacji
    • 061.1(4-67)
080 -Uniwersalna Klasyfikacja Dziesiętna [ , ]
    • a
    • Symbol klasyfikacji
    • :339.923UE
080 -Uniwersalna Klasyfikacja Dziesiętna [ , ]
    • a
    • Symbol klasyfikacji
    • :341.12/.18
650 -Hasło przedmiotowe [ ,7]
    • a
    • Hasło przedmiotowe
    • Traktat o Unii Europejskiej (1992).
    • 2
    • Źródło terminu
    • kaba
    • 9
    • KHW
    • 133709
650 -Hasło przedmiotowe [ ,7]
    • a
    • Hasło przedmiotowe
    • Traktat o Unii Europejskiej (1992)
    • x
    • Określnik rzeczowy
    • interpretacja.
    • 2
    • Źródło terminu
    • kaba
    • 9
    • KHW
    • 584222
650 -Hasło przedmiotowe [ ,7]
    • a
    • Hasło przedmiotowe
    • Traktaty Rzymskie (1957).
    • 2
    • Źródło terminu
    • kaba
    • 9
    • KHW
    • 133717
650 -Hasło przedmiotowe [ ,7]
    • a
    • Hasło przedmiotowe
    • Traktaty Rzymskie (1957)
    • x
    • Określnik rzeczowy
    • interpretacja.
    • 2
    • Źródło terminu
    • kaba
    • 9
    • KHW
    • 621128
650 -Hasło przedmiotowe [ ,7]
    • a
    • Hasło przedmiotowe
    • Prawo europejskie
    • x
    • Określnik rzeczowy
    • traktaty.
    • 2
    • Źródło terminu
    • kaba
    • 9
    • KHW
    • 372049
980 -Symbol UKD [ , ]
    • a
    • UKD
    • 061.1(4-67):339.923UE:341.12/.18
700 -Hasło dodatkowe - nazwa osobowa [1, ]
    • a
    • Nazwa osobowa (NP)
    • Brodecki, Zdzisław Find
    • d
    • Daty biograficzne (NP)
    • (1941- ).
    • e
    • Określenie rodzaju współpracy
    • Oprac.
    • 9
    • KHW
    • 38835
700 -Hasło dodatkowe - nazwa osobowa [1, ]
    • a
    • Nazwa osobowa (NP)
    • Drobysz, Monika. Find
    • e
    • Określenie rodzaju współpracy
    • Oprac.
    • 9
    • KHW
    • 620962
700 -Hasło dodatkowe - nazwa osobowa [1, ]
    • a
    • Nazwa osobowa (NP)
    • Majkowska-Szulc, Sylwia. Find
    • e
    • Określenie rodzaju współpracy
    • Oprac.
    • 9
    • KHW
    • 51763
710 -Hasło dodatkowe - nazwa ciała zbiorowego [2, ]
    • a
    • Nazwa ciała zbiorowego lub nazwa geograficzna jako pierwszy element (NP)
    • Wydawnictwo Prawnicze LexisNexis.
    • 4
    • Kod relacji
    • pbl
    • 9
    • KHW
    • 53472
740 -Hasło dodatkowe - tytuł [0,2]
    • a
    • Tytuł
    • Traktat ustanawiający Wspólnotę Europejską
920 -ISBN [ , ]
    • a
    • ISBN
    • 83-7334-032-7 Find
Status udost. Numer inwentarzowy Sygnatura Lokalizacja Data inwentaryzacji
-3SA.12642SA.12642BSA2004-01-09
1SA.11643SA.11643BSA2002-04-11
-3SA.11744SA.11744BSA2002-06-13
-3GW.1645061.1(4-67)GW2015-09-11
-3GW.2152061.1(4-67)GW2015-09-11
-3GW.2153061.1(4-67)GW2015-09-11
-3GW.2154061.1(4-67)GW2015-09-11
-3GW.2155061.1(4-67)GW2015-09-11
-3GW.54061.1(4-67)GW2015-09-11
-2T.7120 T2002-11-21